MARC details
| 000 -LEADER |
| fixed length control field |
02275ngm a22004692i 4500 |
| 005 - DATE AND TIME OF LATEST TRANSACTION |
| control field |
20251209121127.0 |
| 007 - PHYSICAL DESCRIPTION FIXED FIELD--GENERAL INFORMATION |
| fixed length control field |
vd cvaizk |
| 008 - FIXED-LENGTH DATA ELEMENTS--GENERAL INFORMATION |
| fixed length control field |
191010s2022 000 g ## vleng d |
| 020 ## - INTERNATIONAL STANDARD BOOK NUMBER |
| Terms of availability |
$30.99 |
| 024 1# - OTHER STANDARD IDENTIFIER |
| Standard number or code |
843501039991 |
| 040 ## - CATALOGING SOURCE |
| Language of cataloging |
eng |
| Description conventions |
rda |
| Modifying agency |
MMLLC |
| 082 04 - DEWEY DECIMAL CLASSIFICATION NUMBER |
| Classification number |
[Fic] |
| Edition number |
23 |
| 092 ## - LOCALLY ASSIGNED DEWEY CALL NUMBER (OCLC) |
| Item number |
DVD |
| 245 04 - TITLE STATEMENT |
| Title |
The librarians. Ultimate Collection |
| Medium |
[videorecording] / |
| 264 #2 - Production, Publication, Distribution, Manufacture, and Copyright Notice. |
| Place of production, publication, distribution, manufacture |
Old Saybrook, Connecticut : |
| Name of producer, publisher, distributor, manufacturer |
www.micromarketing.org [Sony Pictures Home Entertainment]. |
| Date of production, publication, distribution, manufacture, or copyr |
2019 |
| 264 #1 - Production, Publication, Distribution, Manufacture, and Copyright Notice. |
| Place of production, publication, distribution, manufacture |
[Culver City, California?] : |
| Name of producer, publisher, distributor, manufacturer |
[Sony Pictures Home Entertainment], |
| Date of production, publication, distribution, manufacture, or copyr |
[2019] |
| 300 ## - PHYSICAL DESCRIPTION |
| Extent |
14 videodiscs (ca. 2077 min.) : |
| Other physical details |
sd., col. ; |
| Dimensions |
4 3/4 in. |
| 336 ## - Content Type |
| Content type term |
two-dimensional moving image |
| 337 ## - Media type |
| Media type term |
video |
| 338 ## - Carrier type |
| Carrier type term |
videodisc |
| 500 ## - GENERAL NOTE |
| General note |
Widescreen edition. |
| 500 ## - GENERAL NOTE |
| General note |
[Typographic symbols and accents removed for systems compatibility.] |
| 511 1# - PARTICIPANT OR PERFORMER NOTE |
| Participant or performer note |
Christian Kane, Lindy Booth, Rebecca Romijn. |
| 520 ## - SUMMARY, ETC. |
| Summary, etc |
"The Librarians centers on an ancient organization dedicated to protecting an unknowing world from the secret, magical reality hidden all around. Rebecca Romijn, Christian Kane, Lindy Booth and John Harlan Kim star in the series as protectors of the world's mystical treasures with Emmy winner John Larroquette as their reluctant caretaker. This set also includes all 4 seasons as well as the following complete Librarians features: Quest for the Spear, Return to King Solomon's Mines and Curse of the Judas Chalice. " |
| 521 8# - TARGET AUDIENCE NOTE |
| Target audience note |
Rating: [TBD]. |
| 538 ## - SYSTEM DETAILS NOTE |
| System details note |
DVD, color, widescreen, NTSC. |
| 546 ## - LANGUAGE NOTE |
| Language note |
English audio; French, Spanish subtitles. |
| 546 ## - LANGUAGE NOTE |
| Language note |
Closed-captioned. |
| 650 #0 - SUBJECT ADDED ENTRY--TOPICAL TERM |
| Topical term or geographic name as entry element |
Librarians |
| Form subdivision |
Drama. |
| 9 (RLIN) |
5714552 |
| 650 #0 - SUBJECT ADDED ENTRY--TOPICAL TERM |
| Topical term or geographic name as entry element |
Antiquities |
| Form subdivision |
Drama. |
| 9 (RLIN) |
5714553 |
| 650 #0 - SUBJECT ADDED ENTRY--TOPICAL TERM |
| Topical term or geographic name as entry element |
Magic |
| Form subdivision |
Drama. |
| 9 (RLIN) |
5692888 |
| 655 #7 - INDEX TERM--GENRE/FORM |
| Genre/form data or focus term |
Feature films. |
| Source of term |
lcgft |
| 655 #7 - INDEX TERM--GENRE/FORM |
| Genre/form data or focus term |
Action and adventure television programs. |
| Source of term |
lcgft |
| 9 (RLIN) |
5676921 |
| 655 #7 - INDEX TERM--GENRE/FORM |
| Genre/form data or focus term |
Television comedies. |
| Source of term |
lcgft |
| 655 #7 - INDEX TERM--GENRE/FORM |
| Genre/form data or focus term |
Fiction television programs. |
| Source of term |
lcgft |
| 9 (RLIN) |
5673656 |
| 655 #7 - INDEX TERM--GENRE/FORM |
| Genre/form data or focus term |
Video recordings for the hearing impaired. |
| Source of term |
lcgft |
| 700 1# - ADDED ENTRY--PERSONAL NAME |
| Personal name |
Kane, Christian. |
| 9 (RLIN) |
5899057 |
| 700 1# - ADDED ENTRY--PERSONAL NAME |
| Personal name |
Booth, Lindy. |
| 9 (RLIN) |
69808 |
| 700 1# - ADDED ENTRY--PERSONAL NAME |
| Personal name |
Romijn, Rebecca. |
| 9 (RLIN) |
5756505 |
| 942 ## - ADDED ENTRY ELEMENTS (KOHA) |
| Source of classification or shelving scheme |
Dewey Decimal Classification |
| Koha item type |
DVD Series |
| 949 ## - LOCAL PROCESSING INFORMATION (OCLC) |
| n |
www.MicroMarketing.org 800-229-9887 |